000 00580nam a2200205 a 4500
005 20240925065159.0
008 080611s1988 mx r 000 0 spa d
020 _a0470207906
035 _aUPN01000156782
049 _aCG
050 4 _aBF575 A3
_bK4.2
100 1 _aKlama, John
245 1 0 _aAggression :
_bthe myth of the beast within /
_cJohn Klama.
260 _aNew York :
_bJohn Wiley & Sons,
_c1988.
300 _a169 p. :
_bil.
650 4 _aAgresividad (PsicologĂ­a)
_92250
650 4 _aPSICOBIOLOGIA
_96590
650 4 _aPsicologĂ­a social
_95889
905 _aLibro
999 _c128896
_d128896